000 00565nam a2200205Ia 4500
003 GCL
005 20240530103941.0
008 140319s9999 xx 000 0 ara d
040 _aGCL /
_cGCL
082 0 4 _a920
_bا ص
100 1 _aبدوى طبانة
245 1 0 _aالصاحب بن عباد : الوزير الاديب العالم /
_cبدوى طبانة
300 _a381 ص
490 _a100 قصة
_v0
650 0 4 _aالاسلام
650 0 4 _aالتراجم
650 0 4 _aالادباء
650 0 4 _aالصاحب بن عباد
942 _2ddc
_cBK
999 _c43677
_d43677